Contabilidad y gestión (Registro nro. 1382)

Detalles MARC
000 -LEADER
fixed length control field 01590 a2200217 4500
001 - CONTROL NUMBER
control field 25432
005 - DATE AND TIME OF LATEST TRANSACTION
control field 20260407155538.0
008 - FIXED-LENGTH DATA ELEMENTS--GENERAL INFORMATION
fixed length control field 260407a2002 arg spa d
003 - CONTROL NUMBER IDENTIFIER
control field AR-UNSa-BCEJYS
040 ## - CATALOGING SOURCE
Original cataloging agency AR-UNSa-BCEJYS
Language of cataloging spa
Transcribing agency AR-UNSa-BCEJYS
080 ## - UNIVERSAL DECIMAL CLASSIFICATION NUMBER
Universal Decimal Classification number 657.05
Common auxiliary subdivision Contabilidad de gestión (Contabilidad gerencial, control de gestión...)
020 ## - INTERNATIONAL STANDARD BOOK NUMBER
International Standard Book Number 950-537-569-7
100 1# - MAIN ENTRY--PERSONAL NAME
Personal name Herrscher, Enrique G.
245 10 - TITLE STATEMENT
Title Contabilidad y gestión
Name of part/section of a work un enfoque sistémico de la información para la acción
264 #1 - PRODUCTION, PUBLICATION, DISTRIBUTION, MANUFACTURE, AND COPYRIGHT NOTICE
Place of production, publication, distribution, manufacture Buenos Aires :
Name of producer, publisher, distributor, manufacturer Ediciones Macchi
Date of production, publication, distribution, manufacture, or copyright notice 2002
300 ## - PHYSICAL DESCRIPTION
Extent 216 p.
Dimensions 22 cm.
505 ## - FORMATTED CONTENTS NOTE
Formatted contents note Parte I: Los conceptos básicos de la contabilidad gerencial: 1. Palabras iniciales - 2. Primeras definiciones - 3. Breve esquema histórico - 4. Contabilidad, contabilidad patrimonial y contabilidad gerencial - 5. Los modelos de la empresa, de la contabilidad y de sus dos ramas - 6. La contabilidad gerencial como actitud profesional - 7. La evolución de las ideas a trvés de algunas citas bibliográficas - 8. Hacia un decálogo de la gestión y de la contabilidad que le sirve - Parte II: Los instrumentos del control de gestión : 9. El enfoque sistémico del control de gestión - 10. Teoría de las restricciones(theory of Constrainsts, TOC)- 11. El enfoque ABC - 12. Creación y medición del valor en las organizaciones - 13. Los activos inmateriales - 14. El tablero de comando balanceado.
590 ## - LOCAL NOTE (RLIN)
Local note niveau_biblio:m niveau_hierar:0
856 41 - ELECTRONIC LOCATION AND ACCESS
Uniform Resource Identifier <a href="https://biblioeco.unsa.edu.ar/pmb/images/libros/Contabilidad y Gestion.jpg">https://biblioeco.unsa.edu.ar/pmb/images/libros/Contabilidad y Gestion.jpg</a>
Link text Imagen de portada
Electronic format type image/jpeg
942 ## - ADDED ENTRY ELEMENTS (KOHA)
Koha item type
Existencias
Withdrawn status Lost status Damaged status Not for loan Home library Current library Shelving location Date acquired Total checkouts Full call number Barcode Date last seen Price effective from Koha item type
        Biblioteca Prof. Eusebio Cleto del Rey Biblioteca Prof. Eusebio Cleto del Rey   07/04/2026   657.05 H564n L87312 07/04/2026 07/04/2026 Libro